| 000 | 01031nam a2200241Ia 4500 | ||
|---|---|---|---|
| 999 |
_c39984 _d39984 |
||
| 001 | 6590 | ||
| 003 | GE_BSU | ||
| 005 | 20191203103211.0 | ||
| 008 | 181216s2006||||ge |||||||||||||| ||geo|| | ||
| 040 | _cGE_BSU | ||
| 041 | _ageo | ||
| 080 | _a821.353.1.09 მ-44 | ||
| 100 |
_aმახაჭაძე, შორენა _93197 |
||
| 245 |
_aსულთა გადაძახილი / _cშორენა მახაჭაძე; რედ. თინა შიოშვილი. |
||
| 264 |
_aბათუმი: _bმარეთი-93, _c2006. |
||
| 300 |
_a193 გვ.; _b20 სმ. |
||
| 300 | _eპირის სახელთა საძიებელი: გვ.190-192. | ||
| 500 | _aბიბლიორგ.: გვ. 181-189. | ||
| 501 | _aპირის სახელთა საძიებელი: გვ.190-192. | ||
| 653 | _aქართული ლიტერატურა | ||
| 700 |
_aშიოშვილი, თინა _eრედაქტორი _91855 |
||
| 942 |
_cBK _2udc |
||